Devine les personnages de Naruto ! (Moyen n°1) - Statistiques

Statistiques générales
  • Ce quiz a été pris 638 fois
  • Le résultat moyen est 11 sur 20
Statistiques - réponses
Hint Réponse % Correct
Possède 5 coeurs Kakuzu
90%
A accouché un 10 Octobre Kushina
89%
Son attaque cause la mort des parents d'Iruka Kurama
74%
Jeune Uchiwa sauvé par Madara Obito
73%
Fondateur de l'Akatsuki Yahiko
69%
Homme garde du corps du 5ème Kazekage Kankurô
64%
Dénigré par son village après avoir sauvé ses coéquipiers Sakumo
64%
Peut recourir à 3 pilules de couleurs pendant un combat Chôji
62%
Battu face à Temari à l'examen Chûnin Tenten
62%
Jônin en charge de l'équipe 8 Kurenaï
56%
Chef de l'équipe Taka Sasuke
55%
Affronta la technique de l'homme soul Kimimaro
53%
Antagoniste puis allié duhéros qui réalise son rêve avant lui Gaara
48%
A tué le 3ème Kazekage Sasori
48%
Son ancien nom de code était Tenzô Yamato
44%
Surnommée "Ange de Dieu" Konan
42%
Espion Akatsuki Zetsu
40%
Hôte de Sanbi qui se sacrifie lorsde la 3ème grande guerre ninja Rin
38%
Apprend à Naruto qui possède un démon renard Mizuki
28%
Maîtrise le Hyôton Haku
25%
Aucun quiz correspondant
Distribution des résultats
% des personnes avec chaque résultat
Percentile par nombre de réponses
Votre historique - résultats
Vous n’avez pas pris ce quiz